1749 1081 1477 1969 1363 1088 1311 1704 1552 1060 1064 1932 1438 1507 1041 1986 1630 1529 1942 1030 1430 1722 1113 1163 1641 1112 1257 1151 1043 1181 1115 1876 1233 1852 1901 1479 1000 1071 1627 1778 1459 1974 1935 1411 1785 1063 1759 1644 1343 1166 1377 1576 1847 1491 1883 1742 1159 1057 1841 1072 1060 1524 1075 1811 1664 1664 1623 1419 1887 1943 1179 1110 1399 1432 1637 1865 1641 1516 1558 1136 1305 1263 1039 1398 1593 1696 1025 1110 1975 1665 1047 1308 1919 1406 1152 1699 1342 1386 1645 BCNSPRNW ULIB Ver.6.0+V

เปลี่ยนเป็นภาษาไทย

Change to English
 แสดงรายละเอียดบรรณานุกรม
  กลับหน้าหลัก

Brief Record : Get Marc (ISO 2709) : E-mail record : QR code < ปิดหน้าต่าง
LEADER : 00000nam 2200000uu 4500
001    13399120249
003     ULIB
008    120917s2549||||th 000 0 tha d
020    ^a9742762597
020    ^a9789742762599
050  4 ^aQU4^bล238ช
100 0  ^aลัดดา เอกสมทราเมษฐ์
245 10 ^aชีววิทยาของเซลล์ =^bCell biology /^cลัดดา เอกสมทราเมษฐ์
246 31 ^aCell biology
250    ^aพิมพ์ครั้งที่ 2
260    ^aกรุงเทพฯ :^bโอเดียนสโตร์,^c2549
300    ^a255 หน้า :^bภาพประกอบ ;^c24 ซม.
650  4 ^aเซลล์
650  4 ^aชีววิทยา
945    ^p195^l0^i15239
945    ^p195^l0^i15240
945    ^p195^l0^i15241
995    ^aกัณชพร
999    ^aใช้งานได้ทุกระบบ
รายการนี้ยังไม่มีแท็ก
คุณยังไม่ได้ล็อกอิน คุณสามารถมีกิจกรรมร่วมกับเว็บไซต์ได้ แต่ต้องล็อกอินก่อน ::
  ล็อกอิน

รายการสื่อสารสนเทศ

ลำดับที่ ประเภท เลขเรียก/บาร์โค้ด สถานที่ สถานะ
1. วิทยาศาสตร์การแพทย์ และสุขภาพ
วิทยาศาสตร์การแพทย์ และสุขภาพ
QU4 ล238ช  
  Barcode: 15239
ห้องสมุดวิทยาเขตสวรรค์ประชารักษ์
►หนังสือทั่วไป
บนชั้น
2. วิทยาศาสตร์การแพทย์ และสุขภาพ
วิทยาศาสตร์การแพทย์ และสุขภาพ
QU4 ล238ช ฉ.2 
  Barcode: 15240
ห้องสมุดวิทยาเขตสวรรค์ประชารักษ์
►หนังสือทั่วไป
บนชั้น
3. วิทยาศาสตร์การแพทย์ และสุขภาพ
วิทยาศาสตร์การแพทย์ และสุขภาพ
QU4 ล238ช ฉ.3 
  Barcode: 15241
ห้องสมุดวิทยาเขตสวรรค์ประชารักษ์
►หนังสือทั่วไป
บนชั้น

รายการใกล้เคียง
    ผู้แต่ง [ลัดดา เอกสมทราเมษฐ์]

    หัวเรื่อง [เซลล์]
    หัวเรื่อง [ชีววิทยา]

BibComment


ยังไม่เคยถูกคอมเมนท์

คอมเมนท์ทรัพยากรรายการนี้
  คอมเมนท์: ชีววิทยาของเซลล์..


 Copyright 2026. Bcnsprnw @Library